| 000 | 00508nam a2200181Ia 4500 | ||
|---|---|---|---|
| 001 | 2547 | ||
| 003 | GE_BSU | ||
| 008 | 181216s||||||||xx |||||||||||||| ||und|| | ||
| 040 | _cGE_BSU | ||
| 100 | _aქარუმიძე, ვახტანგ | ||
| 245 | _aსაბაჟო საქმე. სახელმძღვანელო. | ||
| 260 | _aთბილისი | ||
| 260 | _c1998 | ||
| 300 | _a437 გვ. | ||
| 541 | _h12 ლ. | ||
| 653 | _aსაბაჟო საქმე | ||
| 942 | _cBK | ||
| 999 |
_c36627 _d36627 |
||